Les mauvaises idées d'Orelsan - Statistiques

Statistiques générales
  • Ce quiz a été pris 203 fois
  • Le résultat moyen est 8 sur 12
Statistiques - réponses
Paroles % Correct
Les mélanges {d}'{alcools} différents
91%
Si tu souffles dans le {ballon} t'es mort Si t'accélères ils pourront peut-être pas te rattraper...
83%
Sortir en boîte avec sa {mère}
83%
Le maillot {du} {PSG} sur la Canebière
79%
L'ordinateur, l'iPhone, le sèche-cheveux dans {le} {bain}
69%
Commencer la {clope} à trente ans
66%
Tu crois faire des rêves prémonitoires Tu paries la moitié de ton salaire que {Caen} va gagner
64%
Se servir des dents de devant pour {décapsuler} {sa} {bière}
61%
Les déguisement d'{Hitler}
59%
L'entretien d'embauche en {survêt}
53%
Les {tatouages} sur les visages
43%
Les {textos} dans les virages
22%
Aucun quiz correspondant
Distribution des résultats
% des personnes avec chaque résultat
Percentile par nombre de réponses
Votre historique - résultats
Vous n’avez pas pris ce quiz